Návrh opatrení na zdokonalenie udržateľného procesu výberu a adaptácie nových zamestnancov v podniku Volvo Group Slovakia, s.r.o.

Na minha lista:
Detalhes bibliográficos
Autor principal: Balázsová, Lenka (Author)
Outros Autores: Bachár, Milan (Thesis advisor)
Formato: Manuscrito Livro
Idioma:eslovaco
Publicado em: 2017
Assuntos:
Acesso em linha:http://is.stuba.sk/zp/portal_zp.pl?podrobnosti=115211
Tags: Adicionar Tag
Sem tags, seja o primeiro a adicionar uma tag!

MARC

LEADER 00000ntm a22000003a 4500
001 stuzp62484
003 SK-STU
005 20170624211559.8
007 ta
008 150427s2015----xo-----f-mn---000-0-slo-d
040 |a STU  |b slo 
041 0 |a slo 
100 1 |a Balázsová, Lenka  |u 064000  |4 aut  |U MTF Materiálovotechnologická fakulta  |T MTF Ústav priemyselného inžinierstva a manažmentu  |X 73528  |U M4000  |Y 84  |7 73528 
242 0 1 |a Improvement proposal in hiring and adaptation process of new employees in Volvo Group Slovakia, s.r.o.  |y eng 
245 1 0 |a Návrh opatrení na zdokonalenie udržateľného procesu výberu a adaptácie nových zamestnancov v podniku Volvo Group Slovakia, s.r.o. 
260 |c 2017 
650 4 |a výber a adaptácia zamestnancov  |2 slo 
650 4 |a riadenie ľudských zdrojov  |2 slo 
650 4 |a personálna práca  |2 slo 
650 4 |a human resource management  |2 eng 
650 4 |a human resource  |2 eng 
650 4 |a hiring and adaptation of employees  |2 eng 
700 1 |a Bachár, Milan  |u 064000  |k Z3  |4 ths  |U MTF Materiálovotechnologická fakulta  |T MTF Ústav priemyselného inžinierstva a manažmentu  |X 6696  |U M4000  |Y 84  |7 A000006696 
856 4 |u http://is.stuba.sk/zp/portal_zp.pl?podrobnosti=115211 
996 |c M* BP-7946  |l MMSKP  |s P  |a 0  |w stuzp62484_0001